000 00331nam a2200133Ia 4500
008 230917s9999||||xx |||||||||||||| ||und||
040 _e10003
_aMAIN
041 _aEnglish
082 _a519.5 R18A
100 _aRao, C Radhakrishna
245 0 _aAdvanced statistical method in biometric research
260 _c1974
942 _cBK
999 _c173728
_d173728